Tarihçe (Record no. 544)

MARC details
000 -BAŞLIK
Sabit Uzunlukta Kontrol Alanı 00633na a2200241 4500
001 - KONTROL NUMARASI
Denetim Alanı 15041
003 - KONTROL NUMARASI IDENTIFIER
Denetim Alanı MIRAKIL
005 - SON İŞLEM TARİHİ VE ZAMANI
Denetim Alanı 20181213154753.0
008 - SABİT-BOY VERİ ELEMANLARI - GENEL BİLGİLER
Sabit Uzunlukta Kontrol Alanı 161020b tu 000 0
020 ## - ULUSLARARASI STANDART KİTAP NUMARASI
Uluslararası Standart Kitap Numarası 9754992460
035 ## - SİSTEM KONTROL NUMARASI
Sistem Kontrol Numarası 15041
040 ## - KATALOGLAMA KAYNAK
Orijinal Kataloglama Ajansı Milas
Kataloglama Dili tur
Metne Dönüştürmek Ajansı TR-AnCHP
041 ## - DİL KODU
Metin / Ses Parça Veya Ayrı Başlığın Dil Kodu tur
082 ## - DEWEY ONLU SINIFLANDIRMA NUMARASI
Sınıflandırma Numarası 320.04
Ürün Numarası K91t 1997
090 ## - SINIFLAMA NUMARASI
Sınıflama Numarası 320.04 K91t 1997
100 ## - ANA GİRİŞ - KİŞİSEL İSİM
Kişisel Ad Küçük, Yalçın
245 ## - BAŞLIK TABLOSU
Başlık Tarihçe
Sorumluluk Tablosu, Vb Yalçın Küçük
260 ## - YAYIN, DAĞITIM, VB
Yayın, Dağıtım, Vb Yeri İstanbul
Yayıncı, Dağıtıcı, Vs Adı Akış yayıncılık
Yayın, Dağıtım, Vb Tarihi 1997
300 ## - FİZİKSEL TANIM
Kapsam 208 s.
Boyutlar 19 sm.
651 ## - KONU KATMA GİRİŞ - COĞRAFİ ADI
Coğrafi İsim Türkiye
Genel Alt Bölümü Siyaset ve hükümet
651 ## - KONU KATMA GİRİŞ - COĞRAFİ ADI
Coğrafi İsim Türkiye
Genel Alt Bölümü Siyasal yaşam
Kronolojik Alt Bölümü Denemeler
942 ## - EKLENDİ GİRİŞ ELEMANLARI (KOHA)
Sınıflandırma Veya Raf Düzeni Kaynak Dewey Decimal Classification
Koha Öğesi Türü Books
999 ## - SİSTEM KONTROL NUMARALARI (KOHA)
Koha Biblionumber 544
Koha Biblioitemnumber 544
Holdings
Kalıcı Konum Mevcut Konum Edinme Tarihi Edinim Kaynak Toplam Check-Out'Lar Tam Çağrı Numarası Barkod Tarih Son Görülme İtibaren Geçerli Fiyatlar Koha Öğesi Türü
CHP Kütüphanesi CHP Kütüphanesi 09/03/2016 Bağış   320.04 K91t 1997 003237 09/03/2016 09/03/2016 Books